000 00301nam a2200121Ia 4500
008 190216s9999||||xx |||||||||||||| ||und||
100 _aLiptrot
245 0 _aModern Inorganic Chemistry
260 _bEnglish Language Book Society
_c1983
300 _a472p
650 _aChemistry-Chemistry
942 _cBK
999 _c2594
_d2594